000 00847nam a2200265Ia 4500
003 OSt
005 20220918171302.0
006 a|||||r|||| 00| 0
007 ta
008 220917b |||||||| |||| 00| 0 eng d
020 _a9781472412683 (hbk)
_c6278.35
024 _a289,973
037 _b1168, 22/03/2016, Bright Book Service
_cTextual
040 _aARTS
_cARTS
_beng
041 _2eng
_aeng
082 _aDelta2y7N56, Q5
100 _aJacobs Stephen
_935429
245 0 _aArt of living foundation
_b Spirituality and wellbeing in the global context
260 _aEngland
_bAshgate UK
_c2015
300 _avii, 241p.
_ccm.
490 _aAshgate new religions
650 _aSPIRITUALISM
942 _hDelta2y7N56, Q5
_cTEXL
_2CC
999 _c138796
_d138796